000 00582nam a22002057a 4500
003 OSt
005 20251031152924.0
008 251031b |||||||| |||| 00| 0 eng d
020 _a9780134802749
040 _cDDC
082 _a005.74 KRO 2018
100 _aKroenke, David M. [et...al]
_919506
245 _aDatabase Processing Fundamentals Design, and Implementation
250 _a15th ed.
260 _aNew York; Pearson, 2018
300 _axxxix,648p.; Ill: 28cm
504 _aBibliography, glossary, & index included
650 _aDatabases
_95606
942 _2ddc
_cO_SHELF
999 _c9587
_d9587